000 00685nam a2200229 4500
999 _c8548
_d8548
001 22595
003 BD-DhUAP
005 20250306112902.0
008 250306b20002023ii p|||| |||| 001 0beng d
020 _a978817177385-5
040 _aBD-DhUAP
_bENG
_cBD-DhUAP
_dBD-DhUAP
082 _223rd ed.
_a382 KHA
100 _aBagchi, Jayanta
245 _aWorld trade organisation, an Indian perspective /
_cJayanta Bagchi, H. R. Khan
250 _a2nd ed.
260 _aKolkata:
_bEastern Law House,
_c2023.
300 _a283p.:
_bill.;
_c24 cm.
504 _aIncludes bibliographical references and index .
650 _aWorld Trade Organization
700 _aH. R. Khan
942 _2ddc
_cBK